000 00495cam a2200193ua 4500
001 1503
005 20260515113337.0
008 110711n ii |||gr||||Z||||||eng
040 _cMAIN
082 _a338.9
100 1 _aLange, Oskar,
_eAuthor.
245 1 _aEssays on economic planning
_cby Oskar Lange
250 _a2nd.
260 _aBombay:
_bAsia publishing House,967.
_aCulcutta:
300 _avi;97p:
_c23cm.
653 _aEconomics
653 _aessay on economic planning
942 _cBK
999 _c1392
_d1392